000 00878nam0a2200253 4500
001 RU\NLR\BIBL_A\011276542
005 20250806210119.0
035 _a(NLR Aleph) 011276542
090 _a47977
_c47977
100 _a20161123d1941 a y0rusy50 ca
101 0 _ainh
_crus
102 _aRU
105 _aa z 000 y
200 1 _aТелеграмма
_fБорис Житков
_g[пер. А. Плиева]
210 _aШолж-ГIала
_cНохчгIалгIпачхьалкхиздат
_d1941
215 _a35, [1] с.
_cил.
_d21
686 1 _aШ9(2)672=И(Р)-4
700 1 _aЖитков
_bБ. С.
_f1882-1938
_gБорис Степанович
_3RU\NLR\AUTH\772100
_4070
852 _aNLR
_bОНЛ
_jИнгуш./3-182
942 _cBOOK
945 _aРоссийская национальная библиотека
980 _aNB
980 _aBV